| 000 | 00479nam a2200169Ia 4500 | ||
|---|---|---|---|
| 008 | 240126s9999 xx 000 0 und d | ||
| 022 | _a0974-3502 | ||
| 041 | _aEnglish | ||
| 082 | _aLIBRARY-XI | ||
| 245 | 0 | _aInternational Journal of Management Research and Technology (IJMRT) (2012 - | |
| 260 |
_bSerials Publications _aNew Delhi |
||
| 440 | _aNULL | ||
| 500 | _aPeer Reviewed | ||
| 650 | _aManagement | ||
| 650 | _aManagement,(IJMRT),(2012,-,Management | ||
| 942 | _cJN | ||
| 999 |
_c272866 _d272866 |
||